Studien über darmträgheit : (Stuhlverstopfung) : Folgen und ihre Behandlung /

Main Author: Mayr, Franz Xaver
Language: German
Published: Berlin : S. Karger, 1912
Physical Description: v, 276 s.
Book
Saved in:
LEADER 00624nam a22002052a 4500
001 001838842
003 CZ BrMZK
005 20221027160658.0
007 ta
008 221027s1912 gw er|||||||||||ger d
040 |a BOA001  |b cze  |e aacr2 
100 1 |a Mayr, Franz Xaver  |4 aut 
245 1 0 |a Studien über darmträgheit :  |b (Stuhlverstopfung) : Folgen und ihre Behandlung /  |c von F.X. Mayr 
260 |a Berlin :  |b S. Karger,  |c 1912 
300 |a v, 276 s. 
910 |a BOA001  |b 2-0229.123 
990 |a BK 
993 |a Y 
991 |b 202210 
996 6 |b 2618749998  |c 2-0229.123  |l MZK  |r Sklad / do 24 hodin  |n 0  |w 001903853  |u 000010  |a 1  |e BOA001  |j MZK50  |s P